00421nam a2200133 a 45000010005000000030005000050050017000100080041000270400020000681110054000882450052001422600046001942600047002402214CDMR20130322123558.0130130s1963||||||||||||||||||||||||||||d aCDMRbcatcCDMR2 aSemana Internacional de PrensacSitgesd1963n1ª13aLa prensab: 1ª Semana Internacional de Prensa aBarcelonabInstituto de Ciencias Sociales c1963bDiputación Provincial de Barcelona